000 00672nam a22002411a 4500
999 _c7813
_d7813
001 7813
003 BD - JhCC
005 20180214131051.0
008 930805s1986 enka j 000 1 eng d
020 _a0600311708
035 _a(BD - JhCC)7813
040 _aUKM
_cUKM
_dEQO
_dBD - JhCC
041 _aeng
082 _a813/.4
_219
_bCOO1986
100 1 _aCoolidge, Susan,
_d1835-1905.
245 1 0 _aWhat Katy did ; What Katy did at school /
_cSusan Coolidge
260 _aTwickenham :
_bHamlyn,
_c1986
300 _a271 p. :
_bill. ;
_c22 cm
700 1 2 _aCoolidge, Susan M.
_tWhat Katy did at school.
830 0 _aHamlyn classics
942 _2ddc
_cBK